| 000 | 00607nam a2200181Ia 4500 | ||
|---|---|---|---|
| 003 | GCL | ||
| 008 | 140319s9999 xx 000 0 ara d | ||
| 040 |
_aGCL / _cGCL |
||
| 082 | 0 | 4 |
_a746.43 _bن ك |
| 100 | 1 | _aنادية ابراهيم محمد | |
| 245 | 1 | 0 |
_aالكروشية فى صناعة البلوزات: نماذج كروشية رائعة ومبتكرة / _cنادية ابراهيم محمد |
| 260 |
_a[S.N] : _bدار الفاروق للنشر والتوزيع ، _c1992 |
||
| 300 | _a93 ص | ||
| 490 | _a | ||
| 650 | 0 | 4 | _aالكروشية |
| 650 | 0 | 4 | _aشغل الابرة |
| 942 |
_2ddc _cBK |
||
| 999 |
_c34600 _d34600 |
||